000
00305nam a22001337a 4500
008
171101b xxu||||| |||| 00| 0 eng d
020
_a
2900073314272
041
_a
eng
080
_a
33
100
_a
59
101
_a
BUS
245
_a
BUSINESS COMMUNICATION AT WORK
_c
SATTERWHITE, M.L
942
_2
udc
_c
BK
999
_c
36937
_d
36937